000 00522nam a2200181 4500
001 116074
003 ES-MaACL
005 20240201133418.0
007 t|
008 061121s1972 sp r ||||1| spa d
100 1 _aParís, Carlos,
_d1925-2014
_989133
245 1 0 _aFilosofía, ciencia, sociedad /
_cpor Carlos París.
250 _a[1ª ed.].
260 _aMadrid :
_bSiglo Veintiuno de España,
_c1972.
300 _a186 p. ;
_c18 cm.
852 _aES-MaACL
_jC-54434
_bR.82511
999 _c116074
_d116074